000 00708nam a2200229Ia 4500
008 191130s1995##################000#0#eng##
020 _a9780873227858
022 _a95008965
040 _aACL
_cACL
082 _a796.01 MID
100 _aMidura, Daniel W
245 _aMore team building challenges
_cDaniel W. Midura, Donald R. Glover
260 _aChampaign, IL
_bHuman Kinetics
_cc1995
300 _axi, 103 p. : ill. ; 23 cm
650 _aPhysical education and training - Study and teaching
650 _aTeam learning approach in education
650 _aTeamwork (Sports)
700 _aGlover, Donald R
990 _a91b09d2aac10000c725c57205d48b90f
991 _a330546
999 _c14696
_d14696